| 000 | 00380nam a22001577a 4500 | ||
|---|---|---|---|
| 003 | SGT | ||
| 082 |
_a615.532 _bL65K |
||
| 100 | _aKENT, JAMES TYLER | ||
| 245 | _aLECTURES ON HOMEOPATHIC MATERIA MEDICA | ||
| 250 | _a1ST | ||
| 260 |
_aSL _bM BHATTACHARYYA _c1927 |
||
| 300 | _a975 | ||
| 650 | _aHOMEOPATHIC | ||
| 653 | _aLECTURES, HOMEOPATHIC, MATERIA MEDICA | ||
| 942 |
_2ddc _cRARE |
||
| 999 |
_c24151 _d24151 |
||